00378nam a2200145Ia 4500008004100000020001500041041000800056082001500064100002200079245005200101250000600153260003400159300001100193650002800204210716s1993 xx 000 0 und d a0205145205 aeng a658.4 GORJ aGordon, Judith R. aDoagmpstic approach to organizational behavior. a4 aBostonbAllyn and Baconc1993 axv,752 aOrganisational Behavior